| 000 | 00378pab a2200169 454500 | ||
|---|---|---|---|
| 008 | 180718b2014 xxu||||| |||| 00| 0 eng d | ||
| 100 | _aBhattacharya, Malini | ||
| 245 | _aCan law help women to survive? | ||
| 260 | _c2014 | ||
| 300 | _ap.3-12. | ||
| 362 | _aJan-Feb | ||
| 650 | _aLaw | ||
| 650 | _aWomen | ||
| 773 | _aSocial Scientist | ||
| 908 | _aN | ||
| 909 | _a103978 | ||
| 999 |
_c103974 _d103974 |
||